000 00377nam a2200133Ia 4500
005 20251222143134.0
008 251222s9999||||xx |||||||||||||| ||spa||
020 _a84-268-1224-4
082 _a378.007/M26E
100 _aMartínez Ruiz, María A.
245 0 _aEspacios de Participación en la Investigación del Aprendizaje Universitario I
264 _bMarfil
942 _cLIB
999 _c12058
_d12058